Welcome to CU Library Online Public Access Catalogue (OPAC)

Reclaiming the Jesus of history : (Record no. 6259)

MARC details
000 -LEADER
fixed length control field 00523pam a2200169 a 4500
001 - CONTROL NUMBER
control field 3433910
005 - DATE AND TIME OF LATEST TRANSACTION
control field 20250604124716.0
008 - FIXED-LENGTH DATA ELEMENTS--GENERAL INFORMATION
fixed length control field 910924s1992 mnu b 001 0 eng
020 ## - INTERNATIONAL STANDARD BOOK NUMBER
International Standard Book Number 0800625137 (alk. paper) :
Terms of availability 29.95
050 00 - LIBRARY OF CONGRESS CALL NUMBER
Classification number BT202
Item number .E26 1991
082 00 - DEWEY DECIMAL CLASSIFICATION NUMBER
Classification number 232
Edition information 20
100 1# - MAIN ENTRY--PERSONAL NAME
Personal name Eckardt, A. Roy
Fuller form of name (Arthur Roy),
Dates associated with a name 1918-
245 10 - TITLE STATEMENT
Title Reclaiming the Jesus of history :
Remainder of title Christology today /
Statement of responsibility, etc. A. Roy Eckardt.
260 ## - PUBLICATION, DISTRIBUTION, ETC.
Place of publication, distribution, etc. Minneapolis :
Name of publisher, distributor, etc. Fortress Press,
Date of publication, distribution, etc. c1992.
300 ## - PHYSICAL DESCRIPTION
Extent xii, 297 p. ;
Dimensions 24 cm.
942 ## - ADDED ENTRY ELEMENTS (KOHA)
Source of classification or shelving scheme Library of Congress Classification
Koha item type Books
Suppress in OPAC No
999 ## -
-- 6259
-- 6259
Holdings
Withdrawn status Lost status Source of classification or shelving scheme Damaged status Not for loan Collection Home library Current library Shelving location Date acquired Total checkouts Full call number Barcode Date last seen Copy number Price effective from Koha item type
    Library of Congress Classification     Non-fiction Undergraduate Library (Christ Temple) Undergraduate Library (Christ Temple) General stacks 06/04/2025   BT202 ECK ulct00002996 06/04/2025 1 06/04/2025 Books
© 2023-2024 Copyright: Central University Libraries. All Rights Reserved | Created by: Mahone Tech Office